00222 a2200109 4500001000700000020000600007040001100013100000600024240003900030245003400069362000900103169700 a  cMagnum a-10aPremio luis eduardo magalhaeslpor10aPremio luis eduardo magalhaes0 a1899